[Event "Zalakaros Open rap"]
[Site "Zalakaros"]
[Date "1992.??.??"]
[Round "6"]
[White "Tolnai, Tibor"]
[Black "Csom, Istvan"]
[Result "1-0"]
[WhiteElo "2490"]
[BlackElo "2540"]
[PlyCount "53"]
[EventDate "1992.??.??"]
[Source "www.chesslib.no"]
[SourceDate "2004.05.04"]

1. e4 c5 2. Nf3 a6 3. Nc3 d6 4. d4 Nd7 5. Be3 e6 6. a4 b6 7. d5 e5 8. Be2 g6 9. Nd2 Bg7 10. O-O Qc7 11. Nc4 Rb8 12. f4 f6 13. fxe5 Nxe5 14. Nxe5 fxe5 15. Bg5 Nh6 16. Bxh6 Bxh6 17. Bg4 Bxg4 18. Qxg4 Qe7 19. Rf3 Rf8 20. Raf1 Rxf3 21. Rxf3 Bg7 22. Qe6 Qxe6 23. dxe6 Rb7 24. Nd5 Bh6 25. h4 Bc1 26. b3 Bh6 27. h5 1-0

[Event "JUG-ch"]
[Site "Novi Sad"]
[Date "1995.??.??"]
[Round "?"]
[White "Popovic, Petar"]
[Black "Barlov, Dragan"]
[Result "1-0"]
[WhiteElo "2545"]
[BlackElo "2485"]
[PlyCount "89"]
[EventDate "1995.02.??"]
[Source "ChessBase"]

1. e4 c5 2. Nf3 a6 3. c3 Nf6 4. e5 Nd5 5. d4 cxd4 6. Bc4 Nb6 7. Bb3 d5 8. exd6 e6 9. cxd4 Bxd6 10. Nc3 N8d7 11. O-O Nf6 12. Re1 O-O 13. Bg5 Be7 14. Qd3 Nbd7 15. Rad1 Re8 16. Qe2 Nb6 17. d5 Qc7 18. dxe6 Bxe6 19. Bxe6 Bd8 20. Nd4 fxe6 21. Nxe6 Qf7 22. g3 Nbd7 23. Nxd8 Raxd8 24. Qd3 Rxe1+ 25. Rxe1 Re8 26. Rxe8+ Qxe8 27. Qf3 b5 28. Nd5 Nxd5 29. Qxd5+ Kh8 30. Qc6 h6 31. Bf4 Qf7 32. Qxa6 Qd5 33. Qc8+ Kh7 34. Qc2+ Kh8 35. b3 Nc5 36. g4 Nd3 37. Bg3 Kh7 38. a4 Qe4 39. h3 bxa4 40. bxa4 Qe1+ 41. Kh2 Qf1 42. a5 Kh8 43. Qc8+ Kh7 44. Qc4 Qd1 45. Qe4+ 1-0

[Event "Thessaloniki (ol)"]
[Site "?"]
[Date "1988.??.??"]
[Round "?"]
[White "Arnason, J."]
[Black "Donchev, D."]
[Result "1/2-1/2"]
[WhiteElo "2535"]
[BlackElo "2495"]
[PlyCount "92"]
[EventDate "1988.??.??"]
[Source "ChessBase"]
[SourceDate "1988.07.01"]

1. e4 c5 2. Nf3 a6 3. c4 d6 4. d4 Bg4 5. d5 e5 6. dxe6 fxe6 7. Be2 Nc6 8. O-O Be7 9. Nc3 Bf6 10. Be3 Nge7 11. Qd2 O-O 12. Ng5 Bxe2 13. Nxe2 Bxg5 14. Bxg5 h6 15. Bh4 g5 16. Bxg5 hxg5 17. Qxg5+ Kf7 18. Qh5+ Kg7 19. Qg4+ Ng6 20. f4 Qh4 21. Qxe6 Rae8 22. Qxd6 Rxe4 23. Ng3 Rexf4 24. Rxf4 Nxf4 25. Rf1 Nd4 26. Kh1 Qg4 27. Qe7+ Kg8 28. Qxb7 Nde2 29. Nxe2 Qxe2 30. Rg1 Qf2 31. Qe7 Rf7 32. Qe8+ Kg7 33. Qe5+ Rf6 34. Qe7+ Kg6 35. Qe8+ Kg7 36. Qe7+ Rf7 37. Qe5+ Kh7 38. Qe4+ Ng6 39. Qd5 Re7 40. h3 Re1 41. Rxe1 Qxe1+ 42. Kh2 Qe5+ 43. Qxe5 Nxe5 44. Kg3 Nxc4 45. b3 Ne5 46. Kf4 Nd3+ 1/2-1/2